Биотехнологии и безопасность в техносфере. Ч. 2 (Запись № 13093726)
[ простой вид ]
| 000 -МАРКЕР | |
|---|---|
| контрольное поле | 01831nam2a2200253 4500 |
| 001 - ИДЕНТИФИКАТОР ЗАПИСИ | |
| контрольное поле | RU\NLR\BIBL_A\012771396 |
| 005 - ИДЕНТИФИКАТОР ВЕРСИИ | |
| контрольное поле | 20220606132737.0 |
| 010 ## - МЕЖДУНАРОДНЫЙ СТАНДАРТНЫЙ НОМЕР КНИГИ (ISBN) | |
| Номер (ISBN) | 978-5-7422-7396-7 |
| Уточнения | ч. 2 |
| Тираж | 40 |
| 021 ## - НОМЕР ГОСУДАРСТВЕННОЙ РЕГИСТРАЦИИ | |
| Код страны | Российская Федерация |
| Номер | КН-П-22-000414 |
| Номер Листа государственной регистраци | КН-П-22-0027 |
| 035 ## - ДРУГИЕ СИСТЕМНЫЕ НОМЕРА | |
| Идентификатор записи | (NLR Aleph) 012771396 |
| 035 ## - ДРУГИЕ СИСТЕМНЫЕ НОМЕРА | |
| Идентификатор записи | (RuMoRGB)010955357 |
| 100 ## - ДАННЫЕ ОБЩЕЙ ОБРАБОТКИ | |
| Данные общей обработки | 20220422d2021 k y0rusy50 ca |
| 101 0# - ЯЗЫК РЕСУРСА | |
| Язык текста, звукозаписи и т.д. | русский |
| 102 ## - СТРАНА ПУБЛИКАЦИИ ИЛИ ПРОИЗВОДСТВА | |
| Страна публикации | Российская Федерация |
| 105 ## - ПОЛЕ КОДИРОВАННЫХ ДАННЫХ: ТЕКСТОВЫЕ МАТЕРИАЛЫ, МОНОГРАФИЧЕСКИЕ | |
| Кодированные данные о монографическом текстовом документе | a|||z|||1||z| |
| 200 0# - ЗАГЛАВИЕ И СВЕДЕНИЯ ОБ ОТВЕТСТВЕННОСТИ | |
| Основное заглавие | Ч. 2 |
| 210 ## - ПУБЛИКАЦИЯ, РАСПРОСТРАНЕНИЕ И ДР. | |
| Дата издания, распространения и т.д. | 2021 |
| 215 ## - ФИЗИЧЕСКАЯ ХАРАКТЕРИСТИКА | |
| Специфическое обозначение материала и объем | 278 с. |
| Другие сведения о физической характеристике | ил. |
| 461 #0 - УРОВЕНЬ НАБОРА | |
| Встроенное поле | 001RU\NLR\BIBL_A\012771387 |
| -- | 2001#$aБиотехнологии и безопасность в техносфере$eматериалы всероссийской конференции, 21-22 апреля 2021 года$fМинистерство науки и высшего образования Российской Федерации, Санкт-Петербургский политехнический университет Петра Великого [ПОЛИТЕХ, Инженерно-строительный институт]$gредакционная коллегия: А.В. Андреев [и др.]$vЧ. 2 |
| Системный номер (АБИС) связанной записи | 13093693 |
| Место публикации | Санкт-Петербург |
| Дата публикации | 2021 |
| Первые сведения об ответственности | Министерство науки и высшего образования Российской Федерации, Санкт-Петербургский политехнический университет Петра Великого [ПОЛИТЕХ, Инженерно-строительный институт] |
| Имя издателя, распространителя и т.д. | Политех-Пресс |
| Сведения, относящиеся к заглавию | материалы всероссийской конференции, 21-22 апреля 2021 года |
| Заглавие | Биотехнологии и безопасность в техносфере |
| ISBN | 9785742273943 |
| Номер тома | Ч. 2 |
| 942 ## - ДОПОЛНИТЕЛЬНЫЕ ЭЛЕМЕНТЫ ЗАПИСИ (АБИС) | |
| Тип экземпляра АБИС | Книга |
| 980 ## - КОЛЛЕКЦИЯ | |
| Название коллекции | Национальная библиография |
| Тип экземпляра | Дата поступления | Источник поступления | Библиотека постоянного хранения | Библиотека текущего хранения | Место хранения | Шифр хранения | Штрих-код | Статус экземпляра |
|---|---|---|---|---|---|---|---|---|
| Книга | 22.04.2022 | Обязательный экземпляр | РНБ (Московский) | РНБ (Московский) | Русский книжный фонд: издания с 1957 года | 2022-3/10654 | 1-3773228 | |
| Книга | 22.04.2022 | Обязательный экземпляр | РНБ (Московский) | РНБ (Московский) | Русский книжный фонд: издания с 1957 года | 2022-3/10654 | 1-3773227 |